| 000 | 00745nam a2200229 i 4500 | ||
|---|---|---|---|
| 001 | 74609 | ||
| 003 | ES-MaACL | ||
| 005 | 20240514110440.0 | ||
| 007 | t| | ||
| 008 | 040920s1950 sp c |||| | spa d | ||
| 100 | 1 |
_aGonzález Ramos, Vicente. _958900 |
|
| 245 | 1 | 0 |
_aCántico de la creación y del amor / _cVicente González Ramos ; prólogo de Santiago Moreno ; [retrato a pluma del autor original de Miguel Abad Miró]. |
| 260 |
_aAlicante : _b[s.n., _c1950] ( _fImp. Gutemberg) |
||
| 300 |
_a99 p. ; _c21 cm. |
||
| 490 | 1 | _aIfach | |
| 700 | 1 |
_aMoreno, Santiago. _983317 |
|
| 700 | 1 |
_aAbad Miró, Miguel, _d1912-1994 _917929 |
|
| 830 | 0 |
_aIfach ; _9183454 _v5 |
|
| 852 |
_aES-MaACL _j1922-F-5 |
||
| 942 | _2udc | ||
| 999 |
_c74609 _d74609 |
||